000 00660nam a2200241 i 4500
001 C2-0219082
003 PPAK
005 20180728111356.0
008 990822s1997 my |||| ||||| | eng d
020 _a9839156187
040 _aPPAK
_beng
_cPPAK
_erda
082 0 4 _a338.6048
_2 23
090 0 0 _a338.6048
_bTYS
_dG
100 1 _aTyson, Kirk W.M.,
_eauthor
245 1 0 _aCompetition in the 21st. century
264 1 _aKuala Lumpur :
_bFirst Agency Publishing ,
_c1997
300 _axvi, 279 pages ;
_c23 cm
336 _2rdacontent
_atext
337 _2rdamedia
_aunmediated
338 _2rdacarrier
_avolume
650 1 0 _aCompetition
942 _ddc
_cB
999 _c161726
_d161726